SSC Napoli Squad 2018-2019 - Statistics

General Stats
  • This quiz has been taken 40 times
  • The average score is 20 of 26
Answer Stats
# Position Nation Player % Correct
14 FW Belgium Dries Mertens
97%
1 GK Italy Alex Meret
95%
24 FW Italy Lorenzo Insigne
95%
17 MF Slovakia Marek Hamšík
95%
6 DF Portugal Mário Rui
95%
99 FW Poland Arkadiusz Milik
92%
26 DF Senegal Kalidou Koulibaly
92%
8 MF Spain Fabián Ruiz
89%
25 GK Colombia David Ospina
87%
5 MF Brazil Allan
84%
23 DF Albania Elseid Hysaj
84%
20 MF Poland Piotr Zieliński
84%
31 DF Algeria Faouzi Ghoulam
82%
7 FW Spain José Callejón
82%
- Coach Italy Carlo Ancelotti
79%
33 DF Spain Raúl Albiol
79%
2 DF Morocco Kévin Malcuit
71%
11 FW Algeria Adam Ounas
68%
34 FW Germany Amin Younes
68%
42 MF Guinea Amadou Diawara
63%
30 MF Croatia Marko Rog
63%
21 DF Romania Vlad Chiricheș
63%
19 DF Serbia Nikola Maksimović
61%
27 GK Greece Orestis Karnezis
61%
13 DF Italy Sebastiano Luperto
32%
9 FW Italy Simone Verdi
26%
No matching quizzes found
Score Distribution
Percent of People with Each Score
Percentile by Number Answered
Your Score History
You have not taken this quiz